000 00406nam a2200169Ia 4500
003 OSt
005 20240705112519.0
008 170619s9999 xx 000 0 und d
020 _a9971512831
040 _cIIMT ENGINEERING COLLEGE
100 _aKREYSZIG ERWIN
245 0 _aADVANCED ENGINEERING MATHEMATICS
260 _bJohn Wiely and Sons
260 _c2001
546 _aENGLISH
942 _2ddc
_c01
999 _c16205
_d16205